[Event "SVK-chT2A 9899"]
[Site "SVK"]
[Date "1998.12.05"]
[Round "5"]
[White "Kovalcik, Vladimir"]
[Black "Kisonova, Katarina"]
[Result "1-0"]
[WhiteElo "1728"]
[BlackElo "1950"]

1.Nf3 d5 2.g3 Nf6 3.Bg2 e6 4.O-O Be7 5.d3 O-O 6.Nbd2 c5 7.c3 Nc6 8.a3 Re8
9.Qc2 Bf8 10.e4 e5 11.Re1 d4 12.c4 Bd7 13.Rb1 Qc7 14.Nf1 Bd6 15.Bd2 Qb6 16.Rec1 Bf8
17.b4 cxb4 18.c5 b3 19.Rxb3 Qc7 20.Rcb1 Nd8 21.Rb4 Qxc5 22.Qb2 b5 23.Rc1 Qd6
24.Nxd4 a6 25.Nf5 Bxf5 26.exf5 Nd5 27.Rb3 Ra7 28.Be4 Nb6 29.Be3 Rc7 30.Rxc7 Qxc7
31.Rc3 Qd6 32.Qc1 Na4 33.Rc8 Qxa3 34.Qxa3 Bxa3 35.Ra8 Nc3 36.Rxa6 b4 37.Rb6 Na2
38.Bd5 Nc3 39.Bb3 Ne2+ 40.Kg2 Nd4 41.Ba4 Rf8 42.Nd2 f6 43.g4 Kf7 44.Nb3 Nc2
45.Bd2 Bb2 46.Kf3 Bc3 47.Ke4 Ke7 48.f4 Nf7 49.Rb7+ Kd8 50.Kd5 Kc8 51.Nc5 Rd8+
52.Bd7+ Rxd7+ 53.Rxd7 Bxd2 54.Rxf7 Bxf4 55.Kc6 Nd4+ 56.Kb6 Kd8 57.Ka5 Nc6+
58.Kb5 Ne7 59.Rf8+ Kc7 60.Ne6+ Kd6 61.Rd8+  1-0

[Event "BEL-chT9899"]
[Site "Antwerp"]
[Date "1998.12.06"]
[Round "4"]
[White "Carlier, Bruno"]
[Black "Barsov, Alexei"]
[Result "1/2-1/2"]
[WhiteElo "2415"]
[BlackElo "2504"]

1.Nf3 d5 2.g3 Bg4 3.Bg2 e6 4.O-O Nf6 5.c4 c6 6.Ne5 Bh5 7.d4 Nbd7 8.Nc3 Be7
9.Nxd7 Qxd7 10.Qb3 O-O  1/2-1/2

[Event "Budapest FS12 GM"]
[Site "Budapest"]
[Date "1998.12.06"]
[Round "2"]
[White "Vaulin, Alexander"]
[Black "Alienkin, Aleksander"]
[Result "1-0"]
[WhiteElo "2550"]
[BlackElo "2365"]

1.g3 d5 2.Nf3 g6 3.c4 e6 4.d4 Bg7 5.Bg2 Ne7 6.O-O O-O 7.Qc2 Nbc6 8.Rd1 b6
9.b3 a5 10.Bb2 Ba6 11.cxd5 exd5 12.a3 Re8 13.Nc3 Nf5 14.e3 Nce7 15.Rac1 c6
16.Ne5 Nd6 17.Ne2 Bb7 18.Nf4 Rc8 19.g4 Bh6 20.Ned3 Bg5 21.h3 Qd7 22.Qc3 f6
23.a4 Ne4 24.Bxe4 dxe4 25.Ne5 Qd6 26.Nc4 Qd8 27.Ne6 Qd5 28.Nxg5 Qxg5 29.Nxb6 Rcd8
30.d5 cxd5 31.Qxf6 Qxf6 32.Bxf6 Rd6 33.Bxe7 Rxb6 34.Rc7 Rc8 35.Rxc8+ Bxc8
36.Rxd5 Be6 37.Rxa5 Rxb3 38.Rb5 Rxb5 39.axb5 Kf7 40.Bg5 h5 41.Kh2 hxg4 42.h4 Bd7
43.b6 Bc6 44.Kg3 Bb7 45.Kxg4 Ke6 46.Bd8 Bc6 47.Kg5 Kf7 48.Bf6 Bb7 49.Bd4 Bc6
50.Kf4 Ke6 51.f3 exf3 52.e4 Bb7 53.Kxf3 Bc6 54.Kf4 Bb7 55.e5 Bc6 56.Kg5 Be4
57.Kh6 Kf7 58.Bc3 Bd5 59.e6+ Kxe6 60.Kxg6 Be4+ 61.Kg7  1-0

[Event "BRA-ch"]
[Site "Itabirito"]
[Date "1998.12.09"]
[Round "1.1"]
[White "Braga, Cicero"]
[Black "Prates, Fabiano"]
[Result "0-1"]
[WhiteElo "2420"]
[BlackElo "2230"]

1.g3 d5 2.Nf3 Nf6 3.Bg2 c5 4.O-O Nc6 5.d3 e6 6.Nbd2 Be7 7.e4 b6 8.exd5 exd5
9.d4 O-O 10.dxc5 bxc5 11.Re1 Bb7 12.Nb3 h6 13.Bf4 Re8 14.Ne5 Nxe5 15.Bxe5 Qb6
16.a4 Bf8 17.a5 Qa6 18.Bf1 c4 19.Nd4 Ne4 20.Bf4 Qf6 21.Be3 Bc5 22.c3 Re7
23.Qg4 Rae8 24.Bg2 Ng5 25.Nf5 Re5 26.h4 Bxe3 27.Rxe3 Ne4 28.Bxe4 Rxe4 29.Rxe4 Rxe4
30.Qf3 d4 31.Kh2 Rxh4+  0-1

[Event "ROM-ch"]
[Site "Bucuresti"]
[Date "1998.12.11"]
[Round "4"]
[White "Badea, Bela"]
[Black "Danilov, Vladimir"]
[Result "1-0"]
[WhiteElo "2530"]
[BlackElo "2335"]

1.Nf3 d5 2.g3 Nf6 3.Bg2 e6 4.O-O Be7 5.d3 O-O 6.Nbd2 c5 7.e4 Nc6 8.Re1 dxe4
9.dxe4 e5 10.c3 h6 11.Nc4 Qxd1 12.Rxd1 Nxe4 13.Nfxe5 Nxe5 14.Nxe5 Nf6 15.h3 a5
16.a4 Ra6 17.Be3 Re6 18.Nc4 b6 19.f4 Bd8 20.f5 Re7 21.Bf4 Ba6 22.Ne5 Bb7
23.Bxb7 Rxb7 24.Nc4 Bc7 25.Bxc7 Rxc7 26.Nxb6 Re8 27.Nc4 Re2 28.Re1 Rc2 29.Rac1 Rxc1
30.Rxc1 Ra7 31.Rd1 Nd7 32.Kf2 Kf8 33.Re1 Ra6 34.Ke3 g6 35.Rf1 Ke7 36.Kd3 h5
37.Re1+ Kf6 38.fxg6 fxg6 39.Re8 Kg5 40.Re7 Nf8 41.Re5+ Kh6 42.Rxc5 Rf6 43.Nd2  1-0

[Event "BL2-S9899"]
[Site "Germany"]
[Date "1998.12.13"]
[Round "3.7"]
[White "Bayer, Bernhard"]
[Black "Welker, Michael"]
[Result "1-0"]
[WhiteElo "2275"]
[BlackElo "2110"]

1.Nf3 d5 2.g3 e6 3.Bg2 Nf6 4.c4 Be7 5.O-O O-O 6.b3 a5 7.Bb2 Bd7 8.Nc3 a4
9.bxa4 dxc4 10.Ne5 Bc6 11.e4 Qe8 12.Qe2 Bxa4 13.Qxc4 c5 14.Nxa4 Qxa4 15.Rfd1 Rd8
16.Qb3 b5 17.Qf3 Ra6 18.Nxf7 Rf8 19.Ne5 c4 20.g4 Bc5 21.d4 Nd5 22.dxc5 Rxf3
23.Bxf3 Qc2 24.exd5 Qxb2 25.dxe6 Kf8 26.Nd7+ Ke7 27.Nxb8 Rxa2 28.Nc6+ Kxe6
29.Rd6+  1-0

[Event "BL2-N9899"]
[Site "Germany"]
[Date "1998.12.13"]
[Round "3.5"]
[White "Pachow, Joerg"]
[Black "Schulz, Rainer"]
[Result "0-1"]
[WhiteElo "2325"]
[BlackElo "2290"]

1.Nf3 d5 2.g3 Nf6 3.Bg2 g6 4.O-O Bg7 5.d3 O-O 6.Nbd2 c6 7.e4 dxe4 8.dxe4 Na6
9.Qe2 Nc5 10.e5 Nd5 11.Nb3 Nxb3 12.axb3 Qc7 13.Ra4 a5 14.Rh4 h5 15.h3 Bd7
16.Re1 Qb6 17.g4 hxg4 18.hxg4 a4 19.bxa4 Nc7 20.b3 Ne6 21.Be3 c5 22.Qc4 Bc6
23.Ng5 Bxg2 24.Nxe6 fxe6 25.Kxg2 Qc6+ 26.Kg1 Rad8 27.Bg5 Rd4 28.Qe2 Qd5 29.Bxe7 Rd2
30.Qe3 Rfxf2 31.Qxf2 Rxf2 32.Kxf2 Qd2+ 33.Re2 Qf4+ 34.Kg2 g5 35.Rh1  0-1

[Event "Bundesliga 9899"]
[Site "Germany"]
[Date "1998.12.13"]
[Round "6.7"]
[White "Troyke, Christian"]
[Black "Stangl, Markus"]
[Result "0-1"]
[WhiteElo "2400"]
[BlackElo "2530"]

1.g3 d5 2.Nf3 c6 3.Bg2 Bg4 4.c4 e6 5.cxd5 exd5 6.O-O Nd7 7.d3 Ngf6 8.Nc3 Be7
9.h3 Bh5 10.Nd4 Bc5 11.Nf5 O-O 12.Bf4 Bg6 13.Nh4 Nh5 14.Qd2 Nxf4 15.Qxf4 a5
16.d4 Be7 17.Nxg6 hxg6 18.Qd2 Nb6 19.Rad1 f5 20.Qc2 a4 21.e3 g5 22.g4 g6
23.gxf5 gxf5 24.f4 Nc4 25.Qe2 gxf4 26.exf4 Bf6 27.Rd3 Rf7 28.Kh1 Kf8 29.b3 axb3
30.axb3 Nd6 31.Bf3 Ne4 32.Bh5 Rg7 33.Rg1 Rxg1+ 34.Kxg1 Nxc3 35.Qe6 Qe7 36.Qxf5 Qe1+
37.Kg2 Ra2+ 38.Kf3 Qe2+  0-1

[Event "Gudmundur Arason op 4th"]
[Site "Hafnarfjordur"]
[Date "1998.12.14"]
[Round "1"]
[White "Akesson, Ralf"]
[Black "Edvardsson, Kristjan"]
[Result "1-0"]
[WhiteElo "2510"]
[BlackElo "2220"]

1.Nf3 d5 2.g3 Nf6 3.Bg2 c5 4.O-O Nc6 5.d4 e6 6.c4 dxc4 7.Ne5 Bd7 8.Na3 cxd4
9.Naxc4 Be7 10.Bf4 O-O 11.Qb3 Qc8 12.Rac1 Nd5 13.Nxc6 bxc6 14.Be5 c5 15.e4 Nb4
16.Bd6 Bxd6 17.Nxd6 Qa6 18.e5 Rab8 19.Qc4 Qxc4 20.Rxc4 Nd3 21.b3 Rb6 22.f4 f6
23.Be4 Nb4 24.Rxc5 Nxa2 25.Rc7 Bb5 26.Ra1 Nc3 27.Raxa7  1-0

[Event "Padova op"]
[Site "Padova"]
[Date "1998.12.16"]
[Round "5"]
[White "Rigo, Gianfrancesco"]
[Black "Medancic, Rikard"]
[Result "0-1"]
[WhiteElo "2015"]
[BlackElo "2330"]

1.Nf3 d5 2.g3 c5 3.Bg2 Nc6 4.O-O e5 5.d3 Bd6 6.Nc3 Nge7 7.Nd2 Bc7 8.e4 d4
9.Nd5 Nxd5 10.exd5 Ne7 11.Ne4 Nxd5 12.Qh5 Nf6 13.Qg5 Nxe4 14.Bxe4 Qxg5 15.Bxg5 Rb8
16.c3 h6 17.Bd2 dxc3 18.bxc3 O-O 19.Be3 b6 20.d4 exd4 21.cxd4 c4 22.Rfc1 b5
23.Rab1 Bd7 24.Bd2 Rfe8 25.Bf3 Bd6 26.Kf1 Rec8 27.Bd5 Bf5 28.Ra1 Ba3 29.Rc3 Bb2
30.Rac1 Bxc1 31.Bxc1 b4 32.Rf3 Be6 33.Be4 Rd8 34.Bf4 Rbc8 35.Be5 f6 36.Bf4 Rxd4
37.Bg6 Bh3+ 38.Ke2 Bg4 39.Ke3  0-1

[Event "Clichy"]
[Site "Clichy"]
[Date "1998.12.17"]
[Round "6"]
[White "Neiman, Emmanuel"]
[Black "Prie, Eric"]
[Result "1/2-1/2"]
[WhiteElo "2355"]
[BlackElo "2465"]

1.Nf3 d5 2.g3 Bg4 3.Bg2 Nd7 4.O-O e6 5.d3 Bd6 6.Nbd2 Ne7 7.c4 c6 8.Qa4 Bh5
9.b4 O-O 10.Bb2 b5 11.cxb5 cxb5 12.Qb3 Nb6 13.Rac1 Na4 14.Bd4 Qd7 15.Bc5 Bxc5
16.bxc5 Bxf3 17.Nxf3 Rab8 18.Ne5 Qc7 19.f4 Nf5 20.c6 Rfd8 21.Rfe1 f6 22.Nd7 Nd4
23.Qd1 Rbc8 24.f5 Nxf5 25.e4 dxe4 26.dxe4 Ne7 27.e5 fxe5 28.Kh1 Nb6 29.Qg4 Nxd7
30.Qxe6+ Kf8 31.cxd7 Qxc1 32.Rf1+ Qxf1+ 33.Bxf1 Rc6 34.Qg4 a6 35.Bh3 Ng6
36.Qb4+ Kf7 37.Qb3+ Ke7 38.Qa3+ Rd6 39.Qc1  1/2-1/2

[Event "Padova op"]
[Site "Padova"]
[Date "1998.12.18"]
[Round "7"]
[White "Ortega, Lexy"]
[Black "Godena, Michele"]
[Result "1/2-1/2"]
[WhiteElo "2490"]
[BlackElo "2510"]

1.Nf3 d5 2.g3 c6 3.Bg2 Bg4 4.c4 e6 5.cxd5 Bxf3 6.Bxf3 cxd5 7.O-O Nf6 8.d3 Nc6
9.Bg2 Bc5 10.a3 a6 11.b4 Ba7 12.Nc3 O-O 13.b5 axb5 14.Nxb5 Bc5 15.Rb1 Qd7
16.Bb2 Ra6 17.Qc1 Be7 18.e4 Rd8 19.Qf4 h6 20.Rfe1 Ra5 21.Bxf6 Bxf6 22.exd5 exd5
23.h4 Ne5 24.Qb4 Nc6 25.Qf4 Ne5 26.Qb4 Nc6 27.Qf4 Ne5  1/2-1/2

[Event "Skopje op"]
[Site "Skopje"]
[Date "1998.12.18"]
[Round "7"]
[White "Drazic, Sinisa"]
[Black "Nikolov, Sasho"]
[Result "0-1"]
[WhiteElo "2495"]
[BlackElo "2400"]

1.Nf3 d5 2.g3 Nf6 3.Bg2 Nbd7 4.O-O e5 5.d3 Bd6 6.Nbd2 O-O 7.e4 c6 8.c3 Re8
9.Re1 dxe4 10.dxe4 Bf8 11.Qc2 Nc5 12.Bf1 Qc7 13.b4 Ne6 14.Nc4 Nd7 15.a4 f6
16.a5 Rb8 17.Be3 b5 18.axb6 axb6 19.Qb3 b5 20.Na3 Nb6 21.Red1 Qf7 22.Nh4 Ng5
23.Qb1 Na4 24.Rc1 Qh5 25.Qc2 Qg4 26.Bg2 Nh3+ 27.Kh1 Nf4 28.Bf1 Rd8 29.Nc4 Be6
30.Na5 Rdc8 31.f3 Qh5 32.Qf2 Nh3 33.Bxh3 Bxh3 34.g4 Bxg4 35.fxg4 Qxg4 36.Nf5 Qxe4+
37.Kg1 c5 38.Ng3 Qg4 39.Qg2 h5 40.h3 Qg6 41.Kh2 Kh7 42.Qf3 Ra8 43.Ne4 f5
44.Ng5+ Kh8 45.Qd5 f4 46.Rg1 Nxc3 47.Qb3 c4 48.Qxc3 fxe3 49.Qxe3 Bxb4 50.Ne4 Qh6
51.Ng5 Rc7 52.Nxc4 Re8 53.Qe4 Bc5 54.Rg2 g6 55.Ra8 Rxa8 56.Nxe5 Bd6 57.Qxa8+ Kg7
58.Qe8 Re7 59.Ne6+ Kf6 60.Rxg6+ Kxe5 61.Qxb5+ Ke4+ 62.Kh1 Qd2 63.Ng5+ Ke3
64.Qb3+ Ke2 65.Qc4+ Kd1 66.Qb3+ Kc1 67.Qc4+ Kb2 68.Qb5+ Ka2 69.Qa6+ Ba3 70.Nf3 Qd1+
71.Rg1 Qxf3+ 72.Rg2+ Kb3 73.Qb5+ Bb4 74.Kh2 Re3 75.Rb2+ Kxb2 76.Qxb4+ Kc2
77.Qc4+ Rc3 78.Qa2+ Kd3 79.Qa6+ Kd2 80.Qd6+ Kc1 81.Qh6+ Kd1 82.Qd6+ Rd3 83.Qxd3+  0-1

[Event "Marshall CC Winter"]
[Site "New York"]
[Date "1998.12.19"]
[Round "8"]
[White "Vulicevic, Nenad"]
[Black "Kacheishvili, Giorgi"]
[Result "0-1"]
[WhiteElo "2370"]
[BlackElo "2510"]

1.Nf3 d5 2.g3 Bg4 3.Bg2 Nd7 4.c4 e6 5.O-O c6 6.cxd5 exd5 7.d4 Ngf6 8.Nc3 Bd6
9.Bf4 Bxf4 10.gxf4 O-O 11.b4 a6 12.a4 Bxf3 13.Bxf3 Nb6 14.e3 Nc4 15.Kh1 b5
16.a5 Kh8 17.Rg1 Rg8 18.Rg3 Qe7 19.Rb1 g6 20.Qd3 Rg7 21.Na2 Rag8 22.Rbg1 h6
23.Rh3 Rh7 24.Qc2 Rgg7 25.Rg2 Rg8 26.Rg1 Ne8 27.Be2 f5 28.Rhg3 Qf6 29.Nc1 Ned6
30.Nd3 Ne4 31.R3g2 g5 32.Ne5 Rhg7 33.Bxc4 bxc4 34.f3 Nd6 35.fxg5 Rxg5 36.Nxc6 f4
37.exf4 Qxf4 38.Rxg5 Rxg5 39.Rxg5 hxg5 40.Qe2 c3 41.Kg2 Nf5 42.Qe8+ Kh7 43.Ne5 Nh4+
44.Kh3 Qf5+ 45.Kg3 c2 46.Qe7+ Kh6 47.Qd6+ Kh5 48.Qc6 Qf4+ 49.Kh3 g4+ 50.fxg4+ Kg5  0-1

[Event "Padova op"]
[Site "Padova"]
[Date "1998.12.19"]
[Round "8"]
[White "Rossi, Carlo"]
[Black "Medancic, Rikard"]
[Result "0-1"]
[WhiteElo "2355"]
[BlackElo "2330"]

1.Nf3 d5 2.g3 c6 3.Bg2 Bg4 4.O-O Nd7 5.b3 Ngf6 6.Bb2 e6 7.d3 Bc5 8.c4 O-O
9.Nbd2 Qe7 10.a3 a5 11.Ra2 Bb6 12.Qa1 Rfe8 13.h3 Bh5 14.Re1 e5 15.cxd5 cxd5
16.e4 Bxf3 17.Nxf3 d4 18.Qd1 Rec8 19.Nh4 Qe6 20.Ra1 Nc5 21.b4 axb4 22.axb4 Rxa1
23.Bxa1 Na6 24.Qa4 Qe8 25.Qb3 Qb5 26.Nf5 Bc5 27.Rc1 Rc7 28.f4 Qxb4 29.Qd1 g6
30.fxe5 Nd7 31.Nh6+ Kg7 32.Ng4 Qb6 33.Qd2 h5 34.Qh6+ Kg8 35.Nf6+ Nxf6 36.exf6 Qxf6
37.Qf4 Qe7 38.e5 Nb4 39.Be4 Qe6 40.Rf1 b6 41.Bb2 Re7 42.Bc1 Qxe5 43.Qh4 Nd5
44.Bg5 Rd7 45.g4 hxg4 46.hxg4 Be7 47.Rxf7 Kxf7 48.Qh7+ Ke6 49.Qg8+ Kd6 50.Qb8+ Rc7
51.Bd2 Kd7 52.Qa8 Ne3 53.Bxg6 Qg3+ 54.Kh1 Qh3+  0-1

[Event "Carlos Torre op 11th"]
[Site "Merida"]
[Date "1998.12.20"]
[Round "6"]
[White "Hickl, Joerg"]
[Black "Russek, Guil"]
[Result "1-0"]
[WhiteElo "2540"]
[BlackElo "2395"]

1.g3 d5 2.Nf3 c5 3.c4 e6 4.Bg2 Nc6 5.O-O Nf6 6.b3 Be7 7.Bb2 O-O 8.e3 b6 9.Nc3 Bb7
10.Qe2 d4 11.exd4 cxd4 12.Nb5 d3 13.Qd1 Qd7 14.a3 a6 15.Nc3 Rad8 16.Re1 Rfe8
17.Rc1 Bf8 18.Na4 Qc7 19.b4 a5 20.b5 Nb8 21.Be5 Bd6 22.c5 bxc5 23.Nxc5 Bxf3
24.Bxd6 Qxd6 25.Qxf3 Qd4 26.Nb7 Rd7 27.Qe3 Qb2 28.a4 Nd5 29.Bxd5 Rxd5 30.Nxa5 Qb4
31.Nc4 Nd7 32.Qa7 h5 33.b6 Rc8 34.Ne3 Rdc5 35.Rxc5 Nxc5 36.a5 Qxd2 37.Rd1 Qb2
38.a6 Ne4 39.Rf1 Qd4 40.b7 Qxa7 41.bxc8=Q+  1-0

[Event "Trinec op"]
[Site "Trinec"]
[Date "1998.12.28"]
[Round "3"]
[White "Zabystrzan, Pavel"]
[Black "Starostits, Andris"]
[Result "1-0"]
[WhiteElo "2325"]
[BlackElo "2140"]

1.Nf3 d5 2.g3 Nf6 3.Bg2 c6 4.b3 Bf5 5.Bb2 e6 6.d3 h6 7.c4 Be7 8.Nc3 O-O 9.O-O Nbd7
10.Qc2 Bh7 11.Rac1 a5 12.a3 Nc5 13.Nd2 Qb8 14.Na4 Nfd7 15.Nxc5 Nxc5 16.Qb1 Bg6
17.Qa1 f6 18.Bd4 Rc8 19.Qb2 Bf7 20.Bxc5 Bxc5 21.b4 Be7 22.d4 axb4 23.axb4 Ra4
24.c5 Qa7 25.Ra1 Ra8 26.Nb3 b6 27.Rxa4 Qxa4 28.Ra1 b5 29.Rxa4 Rxa4 30.Na5 Be8
31.e4 Bd8 32.Nb7  1-0

[Event "Trinec op"]
[Site "Trinec"]
[Date "1998.12.29"]
[Round "4"]
[White "Baier, Pavel"]
[Black "Splosnov, Sergei"]
[Result "0-1"]
[WhiteElo "2185"]
[BlackElo "2350"]

1.Nf3 d5 2.g3 Nf6 3.Bg2 e6 4.O-O Be7 5.c4 O-O 6.d4 Nbd7 7.Nc3 dxc4 8.e4 Nb6
9.Qe2 Nfd7 10.a4 a5 11.Be3 Nb8 12.Ne5 Nc6 13.Rad1 Nxe5 14.dxe5 Qe8 15.Bxb6 cxb6
16.Nb5 Qc6 17.Kh1 Bd7 18.f4 Qc8 19.Rc1 Bxb5 20.axb5 Qc5 21.Rxc4 Qxb5 22.Qc2 Rad8
23.b3 Bb4 24.Qc1 Rd3 25.f5 Qxe5 26.f6 gxf6 27.Rc2 Rfd8 28.Rcf2 Bf8  0-1

[Event "Groningen op"]
[Site "Groningen"]
[Date "1998.12.30"]
[Round "10"]
[White "Alienkin, Aleksander"]
[Black "Kreiman, Boris"]
[Result "1/2-1/2"]
[WhiteElo "2365"]
[BlackElo "2455"]

1.Nf3 d5 2.g3 c6 3.Bg2 Bg4 4.O-O Nd7 5.d4 e6 6.b3 Ngf6 7.Bb2 Be7 8.Nbd2 O-O
9.h3 Bh5 10.g4 Bg6 11.Nh4 Be4 12.f3 Ne8 13.fxe4 Bxh4 14.exd5 exd5 15.e4 dxe4
16.Nxe4 Nef6 17.Nd6 Qc7 18.Nf5 Bg3  1/2-1/2

[Event "Rilton Cup 9899"]
[Site "Stockholm"]
[Date "1998.12.30"]
[Round "3"]
[White "Andersson, Mats"]
[Black "Hector, Jonny"]
[Result "0-1"]
[WhiteElo "2320"]
[BlackElo "2510"]

1.Nf3 d5 2.g3 Bg4 3.Bg2 Nd7 4.c4 e6 5.cxd5 exd5 6.O-O c6 7.Nc3 h5 8.d3 Bd6
9.Qa4 Nc5 10.Qc2 Ne6 11.e4 d4 12.Ne2 h4 13.Nxh4 Rxh4 14.gxh4 Qxh4 15.e5 Bxe5
16.f4 Bc7 17.Ng3 Ne7 18.b4 O-O-O 19.b5 Rh8 20.Bh1 g5 21.bxc6 gxf4 22.cxb7+ Kb8
23.Rxf4 Bxf4 24.Bxf4+ Nxf4 25.Re1 Nh3+ 26.Kg2 Qf6 27.Rf1 Nd5 28.Rxf6 Ne3+  0-1

[Event "AUT-chT2O 9798"]
[Site "Austria"]
[Date "1998.??.16"]
[Round "7"]
[White "Hangweyrer, Manfred"]
[Black "Voegel, Wolfgang"]
[Result "1-0"]
[WhiteElo "2385"]
[BlackElo "2225"]

1.Nf3 d5 2.g3 Nf6 3.Bg2 c5 4.O-O Nc6 5.d3 e6 6.Nbd2 Be7 7.e4 O-O 8.Re1 b5
9.e5 Nd7 10.Nf1 a5 11.h4 a4 12.a3 Ra6 13.N1h2 b4 14.Bf4 bxa3 15.bxa3 Nd4
16.h5 f6 17.Nxd4 cxd4 18.exf6 Bxf6 19.h6 g5 20.Bd2 Ne5 21.Rb1 Nf7 22.Qh5 Rc6
23.Bb4 Re8 24.Re2 e5 25.Rbe1 Be6 26.Ng4 Bh8 27.Nxe5 Bxe5 28.Rxe5 Nxe5 29.Rxe5 Bf7
30.Bxd5 Rg6 31.Qf3 Bxd5 32.Rxd5 Qf6 33.Rf5 Qd8 34.Qb7 Qc8 35.Qf7+ Kh8 36.Bf8 Re1+
37.Kh2  1-0

[Event "AUT-chT2O 9798"]
[Site "Austria"]
[Date "1998.??.18"]
[Round "9"]
[White "Baumgartner, Heinz"]
[Black "Schuh, Franz"]
[Result "1/2-1/2"]
[WhiteElo "2295"]
[BlackElo "2260"]

1.Nf3 d5 2.g3 c5 3.Bg2 Nc6 4.d4 e6 5.O-O Nf6 6.c4 dxc4 7.Ne5 Nxe5 8.dxe5 Qxd1
9.Rxd1 Nd7 10.f4 Be7 11.Na3 Nb6 12.Be3 O-O 13.Rac1 Rb8 14.Bf2 Re8 15.Nb5 Bd7
16.Nd6 Bxd6 17.Rxd6 Rec8 18.Rcd1 Be8 19.R1d2 c3 20.bxc3 Nc4 21.Rd1 Nxd6 22.exd6 Bd7
23.e4 Kf8 24.e5 Ke8 25.g4 Ba4 26.Rd3 Kd7 27.f5 Bb5 28.fxe6+ fxe6 29.Rf3 Rf8
30.Rh3 h6 31.Bxc5 b6 32.Bd4 Bc6 33.Rg3 Bxg2 34.Rxg2 Rf3 35.a4 Rbf8 36.Ra2 R8f4
37.Kg2 Rd3 38.a5 Rxg4+ 39.Kf2 Kc6 40.axb6 axb6 41.Ra7 Rgxd4 42.cxd4 Rxd4
43.Rxg7 Kd5 44.Rb7 Kxe5 45.d7 Kf5 46.Ke3 Rd1 47.Ke2 Rd6 48.Ke3 h5 49.Rxb6 Rxd7
50.Rb5+ Rd5 51.Rb8 Ra5 52.Rf8+ Kg4 53.Rf4+ Kg5 54.Re4 e5 55.Rb4 Ra2 56.h3 Rh2
57.Ke4 Rxh3 58.Rb8 Ra3 59.Rg8+ Kh4 60.Kxe5 Ra4 61.Rg1 Kh3 62.Kf5 h4 63.Rb1 Ra2
64.Rb3+ Kg2 65.Kg4 Ra4+ 66.Kg5 h3 67.Rb2+ Kf1  1/2-1/2

[Event "UKR-chT"]
[Site "Alushta"]
[Date "1998.??.??"]
[Round "?"]
[White "Sevostianov, Pavel"]
[Black "Ponomariov, Ruslan"]
[Result "0-1"]
[WhiteElo "2375"]
[BlackElo "2580"]

1.Nf3 d5 2.g3 Nf6 3.Bg2 c6 4.O-O Bg4 5.d4 Nbd7 6.Nbd2 e6 7.Re1 Be7 8.e4 dxe4
9.Nxe4 O-O 10.c3 Qb6 11.Nxf6+ Bxf6 12.Qb3 a5 13.Nd2 a4 14.Qxb6 Nxb6 15.Ne4 Be7
16.Bf4 Nd5 17.Bd2 Rfd8 18.a3 h6 19.h3 Bf5 20.Rac1 Kf8 21.Red1 Nb6 22.Rc2 Nc4
23.Bc1 e5 24.Re2 Rd7 25.Be3 Be6 26.g4 Ra5 27.Rde1 Rb5 28.dxe5 Nxe3 29.fxe3 Rxe5
30.Nd2 Bh4 31.Rf1 Bg5 32.Rfe1 Rxe3  0-1

[Event "Paulisto-ch"]
[Site "Americana"]
[Date "1998.??.??"]
[Round "4"]
[White "Braga, Cicero"]
[Black "Umetsubo, Cesar"]
[Result "1-0"]
[WhiteElo "2430"]
[BlackElo "2085"]

1.g3 d5 2.Nf3 Nf6 3.Bg2 Bf5 4.O-O e6 5.d3 h6 6.c4 c6 7.Be3 dxc4 8.dxc4 Qxd1
9.Rxd1 Nbd7 10.Nc3 Bc5 11.Bxc5 Nxc5 12.Nd4 O-O-O 13.Nxf5 exf5 14.Kf1 Kc7
15.e3 Rhe8 16.Ne2 Nd3 17.Rd2 Ng4 18.Nd4 Nde5 19.Rc2 g6 20.h3 Nf6 21.b4 Ne4
22.a4 Nd3 23.Rb1 Ndxf2 24.Rxf2 Nxg3+ 25.Kg1 Rxe3 26.Nf3 g5 27.b5 Ne2+ 28.Kh1 f4
29.a5 f5 30.bxc6 bxc6 31.Ng1 Nc3 32.Rb4 Rd1 33.Kh2 Ra1 34.Rfb2 Rxa5 35.Rb7+ Kd6
36.Rh7 Re6 37.Nf3 g4 38.Rd2+ Kc5 39.hxg4 Kxc4 40.Nd4 Ne4 41.Bf1+ Kd5 42.Rd3 Ra2+
43.Kg1 Rg6 44.Nxf5+ Kc5 45.Rg7 Rxg7 46.Nxg7  1-0

[Event "AUT-chT2W 9798"]
[Site "Austria"]
[Date "1998.??.??"]
[Round "11"]
[White "Martinovic, Slobodan"]
[Black "Srienz, Christian"]
[Result "1-0"]
[WhiteElo "2470"]
[BlackElo "2170"]

1.Nf3 d5 2.g3 c5 3.c4 e6 4.cxd5 exd5 5.d4 Nc6 6.Bg2 Nf6 7.O-O Be7 8.Nc3 O-O
9.dxc5 Bxc5 10.Bg5 d4 11.Bxf6 Qxf6 12.Nd5 Qd8 13.Ne1 Re8 14.Nd3 Bf8 15.Re1 Bf5
16.a3 Qd7 17.Rc1 Rad8 18.N5f4 Be4 19.Qb3 Bxg2 20.Kxg2 h6 21.h4 Ne5 22.Rc2 b5
23.Nxe5 Rxe5 24.Qf3 Qf5 25.Nd3 Qxf3+ 26.Kxf3 Rf5+ 27.Kg2 a5 28.Rd1 g6 29.Rdc1 b4
30.a4 Re8 31.Kf1 g5 32.hxg5 hxg5 33.Rc8 Re3 34.Rd8 Kg7 35.g4 Rf6 36.Rcc8 Rh3
37.Rxf8 Ra6 38.Rg8+  1-0

[Event "Bayern-ch Bank Hofmann 2nd"]
[Site "Bad Wiesse"]
[Date "1998.??.??"]
[Round "2"]
[White "Mueller, Ralf"]
[Black "Dittmar, Peter"]
[Result "1-0"]
[WhiteElo "2375"]
[BlackElo "2305"]

1.Nf3 d5 2.g3 c6 3.b3 Bg4 4.Bg2 Nd7 5.Bb2 Ngf6 6.d3 e6 7.Nbd2 Be7 8.O-O O-O
9.e4 a5 10.a4 Nc5 11.h3 Bh5 12.Qe2 Na6 13.g4 Bg6 14.Ne5 Nd7 15.Nxg6 hxg6
16.f4 Nc7 17.Nf3 Bf6 18.e5 Be7 19.Kh1 Qb8 20.f5 gxf5 21.gxf5 exf5 22.Nd4 Ne6
23.Nxf5 Bg5 24.Rae1 Qd8 25.Ba3 g6 26.Bxf8 gxf5 27.Bd6 Bh4 28.Rxf5 Bxe1 29.Qg4+ Ng7
30.Rg5 Qxg5 31.Qxg5 Nf8 32.Bxf8 Kxf8 33.Qe3 Bh4 34.Qh6  1-0

[Event "Bayern-ch Bank Hofmann 2nd"]
[Site "Bad Wiesse"]
[Date "1998.??.??"]
[Round "5"]
[White "Schaller, Sven"]
[Black "Laqua, Christian"]
[Result "1/2-1/2"]
[WhiteElo "2345"]
[BlackElo "2215"]

1.Nf3 d5 2.g3 c6 3.Bg2 e6 4.O-O Bd6 5.d3 Nf6 6.Re1 O-O 7.e4 dxe4 8.dxe4 e5
9.Nbd2 Be6 10.h3 Nbd7 11.Qe2 Qe7 12.Ng5 Rfd8 13.Nxe6 Qxe6 14.Kh1 a5 15.Nc4 Bf8
16.Bd2 Bb4 17.c3 Bf8 18.f4 b5 19.Nxe5 Nxe5 20.fxe5 Nd7 21.a4 Nxe5 22.axb5 cxb5
23.Bf4 b4 24.Red1 bxc3 25.bxc3 Rdc8 26.Qb5 Rc5 27.Qb7 Rac8 28.Rd5 Ng6 29.Bd2 Bd6
30.Be1 Be5 31.Rxc5 Rxc5 32.Qa8+ Qc8 33.Rxa5 Bxc3 34.Bxc3 Rxc3 35.Qd5 Nf8
36.Ra7 Rc7 37.Ra8 Qd7 38.Qa5 Qe7 39.Qa4 Rd7 40.Kh2  1/2-1/2

[Event "Bayern-ch Bank Hofmann 2nd"]
[Site "Bad Wiesse"]
[Date "1998.??.??"]
[Round "6"]
[White "Yandemirov, Valeri"]
[Black "Khenkin, Igor"]
[Result "1/2-1/2"]
[WhiteElo "2470"]
[BlackElo "2600"]

1.Nf3 d5 2.g3 c6 3.Bg2 Bg4 4.O-O Nd7 5.d4 e6 6.Nbd2 Ngf6 7.c3 Be7 8.Re1 O-O
9.e4 Rc8 10.Qb3 Qb6 11.exd5 cxd5 12.Ne5 Nxe5 13.Qxb6 axb6 14.Rxe5 b5 15.a3 Ra8
16.b4 Ne8 17.Bxd5 Bf6 18.Bxb7 Rb8 19.Re4 Bf5 20.Bc6 Bxe4 21.Nxe4 Rb6 22.Bxe8 Rxe8
23.a4 bxa4 24.Rxa4 Rbb8 25.Kf1 Ra8 26.Rxa8 Rxa8 27.Ke2 Be7 28.Kd3 f5 29.Nc5 Kf7
30.Kc4 g5 31.b5 Ra1 32.Be3 Rb1 33.Nd7 Ke8 34.Nc5 Kf7 35.Nd3 Ke8 36.d5 exd5+
37.Kxd5 Rxb5+ 38.Ke6 Ra5 39.c4 f4 40.gxf4 Ra6+ 41.Kf5 gxf4 42.Bxf4 Ra4 43.c5 Rd4  1/2-1/2

[Event "Bayern-ch Bank Hofmann 2nd"]
[Site "Bad Wiesse"]
[Date "1998.??.??"]
[Round "7"]
[White "Mainka, Gregor"]
[Black "Laqua, Christian"]
[Result "1/2-1/2"]
[WhiteElo "2340"]
[BlackElo "2215"]

1.Nf3 d5 2.g3 c6 3.Bg2 e6 4.O-O Bd6 5.d3 Nf6 6.Nbd2 O-O 7.e4 e5 8.h3 dxe4
9.dxe4 Be6 10.Qe2 Nbd7 11.Ng5 Re8 12.Nxe6 Rxe6 13.Nc4 Nc5 14.a4 Re7 15.b3 Ne6
16.c3 Qc7 17.Nxd6 Qxd6 18.Ba3 c5 19.f4 b6 20.f5 Nf8 21.g4 h6 22.h4 N6h7 23.Rad1 Qf6
24.Qf2 Rd7 25.Rxd7 Nxd7 26.Rd1 Rd8 27.Rd5 Nb8 28.Bc1 Qe7 29.Qe1 Nf6 30.Rxd8+ Qxd8
31.g5 hxg5 32.hxg5 Nh7 33.Qd2 Qxd2 34.Bxd2 Nc6 35.Bf3 Na5 36.Bd1 f6 37.b4 cxb4
38.cxb4 Nc6 39.Bb3+ Kf8 40.Bd5 Ne7 41.gxf6 Nxd5 42.fxg7+ Kxg7 43.exd5 Kf6
44.Be3 Nf8 45.Bh6 Nd7 46.Kf2 Kxf5 47.Ke3 Nf6 48.Kd3 Nxd5 49.Bd2 Ke6 50.Kc4 Nc7
51.Be3 Kd6 52.Bc1 Ke6 53.b5 Kd6 54.Be3 Ne6 55.Bf2 Nd8 56.a5 bxa5 57.Bc5+ Ke6
58.Bxa7 Nb7 59.Be3 Kd6 60.Bc1 Ke6 61.Bd2 Nd6+ 62.Kb3 Nb7 63.Kc4 Nd6+ 64.Kb3 Nxb5
65.Bxa5 Kd5 66.Kc2 Ke4 67.Kd2 Kf3 68.Bb6 Nd6 69.Ba7 e4 70.Bc5 Nc4+ 71.Ke1 Ne5
72.Ba7 Nc4 73.Bc5 Nb2 74.Ba7 Nc4 75.Bc5 Ne5 76.Ba7 Nf7 77.Bb6 Kf4 78.Ba7 Ke5
79.Bb6 Kd5 80.Bg1 Kc4 81.Kd2  1/2-1/2

[Event "Bad Wildungen op"]
[Site "Bad Wildungen"]
[Date "1998.??.??"]
[Round "5"]
[White "Kopp, Peter"]
[Black "Krausse, Eckhard"]
[Result "1-0"]
[WhiteElo "2155"]
[BlackElo "2105"]

1.Nf3 d5 2.g3 Nf6 3.Bg2 g6 4.O-O Bg7 5.d3 O-O 6.Nbd2 c5 7.e4 Nc6 8.Re1 d4
9.a4 a6 10.Nc4 e5 11.Nfxe5  1-0

[Event "Bad Woerishofen op"]
[Site "Bad Woerishofen"]
[Date "1998.??.??"]
[Round "2"]
[White "Einwiller, Bernd"]
[Black "Giorgadze, Giorgi"]
[Result "0-1"]
[WhiteElo "2230"]
[BlackElo "2605"]

1.Nf3 d5 2.g3 Bg4 3.Bg2 Nd7 4.O-O e5 5.d3 Ngf6 6.Nbd2 Bc5 7.h3 Bh5 8.e4 O-O
9.c3 Re8 10.b4 Bf8 11.Qb3 c6 12.Re1 a5 13.a4 axb4 14.cxb4 b5 15.Bb2 bxa4
16.Rxa4 Rb8 17.Qc3 c5 18.bxc5 Nxc5 19.Ra2 Rc8 20.Rc1 Bxf3 21.Nxf3 dxe4 22.dxe4 Nfxe4
23.Qc4 Bd6 24.Nh4 Ng5 25.Nf5 Bf8 26.h4 Qf6 27.g4 Nge6 28.Bd5 h5 29.Ra7 hxg4
30.Ne3 Qxh4 31.Bxe5 Nd3 32.Qxd3 Rxc1+ 33.Nf1 Qh3 34.Qb5 Ng5  0-1